000 00302nam a2200133 i 4500
001 bg
100 1 _aWOJEŃSKI, Jan
245 0 _aTapetowanie mieszkań /
_cJan Wojeński.
260 _aWarszawa,
_c1979.
040 _cBPK
041 _apol
942 _cKS
008 s pl f |000 0 pol
999 _c18971
_d18971
856 _uhttp://koha.tu.koszalin.pl/cgi-bin/koha/opac-detail.pl?biblionumber=18971
_yKatalog online BPK